ARRUPE JESUIT UNIVERSITY

CORONAVIRUS -STOP THE SPREAD - CLEAN,DISINFECT,COVER
Normal view MARC view

Entry Personal Name

Number of records used in: 1

001 - CONTROL NUMBER

  • control field: 44914

003 - CONTROL NUMBER IDENTIFIER

  • control field: ARRUPE

005 - DATE AND TIME OF LATEST TRANSACTION

  • control field: 20190228142156.0

008 - FIXED-LENGTH DATA ELEMENTS

  • fixed length control field: 190228|| aca||aabn | a|a d

040 ## - CATALOGING SOURCE

  • Original cataloging agency: ARRUPE
  • Transcribing agency: ARRUPE

100 ## - HEADING--PERSONAL NAME

  • Personal name: Dr.Stan J. Katz Aimee E. Liu , Liu, Aimee E

670 ## - SOURCE DATA FOUND

  • Source citation: Work cat.: (ARRUPE)8459: Katz, Stan J 44911, False love and other romantic illusions, 1988

 

Arrupe Library. PO Box MP320 Mt Pleasant, Harare, Zimbabwe
263 242 745411|librarian@aju.ac.zw